| 000 | 00502pab a2200193 454500 | ||
|---|---|---|---|
| 008 | 180718b2005 xxu||||| |||| 00| 0 eng d | ||
| 100 | _aBivens, L. Joshi | ||
| 245 | _aHow well are we measuring workers' rights? | ||
| 260 | _c2005 | ||
| 300 | _ap.302-10. | ||
| 362 | _aSummer | ||
| 650 | _aLabour standards | ||
| 650 | _aEconomic growth | ||
| 650 | _aWorkers | ||
| 700 | _aWeller, Christian E. | ||
| 700 | _aHersh, Adam S. | ||
| 773 | _aReview of Radical Political Economics | ||
| 909 | _a66968 | ||
| 999 |
_c66968 _d66968 |
||